Journeys into the past: (Record no. 163203)
[ view plain ]
| 000 -LEADER | |
|---|---|
| fixed length control field | 00643nam a22001937a 4500 |
| 005 - DATE AND TIME OF LATEST TRANSACTION | |
| control field | 20190402133116.0 |
| 010 ## - LCCN (DPL NO) | |
| LC control number | ENG-125007 |
| 020 ## - INTERNATIONAL STANDARD BOOK NUMBER | |
| International Standard Book Number | 9788186772980 |
| Terms of availability | 2695.00 |
| 035 ## - SYSTEM CONTROL NUMBER | |
| System control number | EN-108539 |
| 037 ## - SOURCE OF ACQUISITION | |
| Source of stock number/acquisition | DBAD/PUB |
| 082 ## - DEWEY DECIMAL CLASSIFICATION NUMBER | |
| Classification number | 910.02091 |
| 245 ## - TITLE STATEMENT | |
| Title | Journeys into the past: |
| Remainder of title | Historical and heritage tourism in Bengal/ |
| Statement of responsibility, etc | edited by Suman Mukherjee |
| 260 ## - PUBLICATION, DISTRIBUTION, ETC. (IMPRINT) | |
| Place of publication, distribution, etc | New Delhi |
| Name of publisher, distributor, etc | New Academic Publishers |
| Date of publication, distribution, etc | 2018 |
| 270 ## - ADDRESS | |
| Address | 4760-61/23, Ansari Road, Daryaganj |
| City | New Delhi |
| 300 ## - PHYSICAL DESCRIPTION | |
| Extent | xxviii,544p. |
| Dimensions | 23cm(Hb) |
| 500 ## - GENERAL NOTE | |
| General note | includes bibliographical references |
| 700 ## - ADDED ENTRY--PERSONAL NAME | |
| Personal name | Suman Mukherjee |
| 942 ## - ADDED ENTRY ELEMENTS (KOHA) | |
| Source of classification or shelving scheme | Dewey Decimal Classification |
| Item type | English Books |
| Classification part | 910.02091 |
| Call number suffix | JOU |
| Withdrawn status | Lost status | Not for loan | Collection code | Home library | Current library | Date acquired | Source of acquisition | Cost, normal purchase price | Full call number | Barcode | Copy number | Cost, replacement price | Koha item type |
|---|---|---|---|---|---|---|---|---|---|---|---|---|---|
| Not For Loan | Non-fiction | D.B.Act.Division | Patel Nagar | 02/04/2019 | DBAD/PUB | 2695.00 | 910.02091 JOU | EN-108539 | 1 | 2695.00 | English Books |
